5HLuxD.jpg

KING HENRY VIII SENIOR AND PRIMARY SCHOOL LIBRARY OPAC

Warthog / (Record no. 1932)

000 -LEADER
fixed length control field 01790cam a22004817i 4500
001 - CONTROL NUMBER
control field 19655975
003 - CONTROL NUMBER IDENTIFIER
control field OSt
005 - DATE AND TIME OF LATEST TRANSACTION
control field 20230220095505.0
008 - FIXED-LENGTH DATA ELEMENTS--GENERAL INFORMATION
fixed length control field 170522t20182018mnua b 001 0 eng d
010 ## - LIBRARY OF CONGRESS CONTROL NUMBER
LC control number 2017943139
020 ## - INTERNATIONAL STANDARD BOOK NUMBER
International Standard Book Number 9781532104220
Qualifying information library binding
035 ## - SYSTEM CONTROL NUMBER
System control number (OCoLC)on1005298359
040 ## - CATALOGING SOURCE
Original cataloging agency YDX
Language of cataloging eng
Transcribing agency YDX
Description conventions rda
Modifying agency BDX
-- FOLLT
-- OCLCO
-- OCLCF
-- SINLB
-- HCO
-- K#T
-- OWE
-- OCLCO
-- TS4
-- OCL
-- DLC
-- KH8
042 ## - AUTHENTICATION CODE
Authentication code lccopycat
043 ## - GEOGRAPHIC AREA CODE
Geographic area code f------
082 04 - DEWEY DECIMAL CLASSIFICATION NUMBER
Classification number 599.63 HAN
Edition number 23
100 1# - MAIN ENTRY--PERSONAL NAME
Personal name Hansen, Grace,
Relator term author.
245 10 - TITLE STATEMENT
Title Warthog /
Statement of responsibility, etc. by Grace Hansen.
264 #1 - PRODUCTION, PUBLICATION, DISTRIBUTION, MANUFACTURE, AND COPYRIGHT NOTICE
Place of production, publication, distribution, manufacture Minneapolis, Minnesota :
Name of producer, publisher, distributor, manufacturer ABDO Kids,
Date of production, publication, distribution, manufacture, or copyright notice [2018]
264 #4 - PRODUCTION, PUBLICATION, DISTRIBUTION, MANUFACTURE, AND COPYRIGHT NOTICE
Date of production, publication, distribution, manufacture, or copyright notice ©2018
300 ## - PHYSICAL DESCRIPTION
Extent 24 pages :
Other physical details color illustrations ;
Dimensions 24 x 29 cm.
336 ## - CONTENT TYPE
Content type term text
Content type code txt
Source rdacontent
336 ## - CONTENT TYPE
Content type term still image
Content type code sti
Source rdacontent
337 ## - MEDIA TYPE
Media type term unmediated
Media type code n
Source rdamedia
338 ## - CARRIER TYPE
Carrier type term volume
Carrier type code nc
Source rdacarrier
490 1# - SERIES STATEMENT
Series statement Abdo Kids. African animals
500 ## - GENERAL NOTE
General note Includes index.
520 ## - SUMMARY, ETC.
Summary, etc. Offers information about warthogs, including where they live, what they eat, and what they look like.
650 #0 - SUBJECT ADDED ENTRY--TOPICAL TERM
Topical term or geographic name entry element Warthog
Form subdivision Juvenile literature.
650 #0 - SUBJECT ADDED ENTRY--TOPICAL TERM
Topical term or geographic name entry element Zoology
Geographic subdivision Africa
Form subdivision Juvenile literature.
650 #1 - SUBJECT ADDED ENTRY--TOPICAL TERM
Topical term or geographic name entry element Warthog.
650 #7 - SUBJECT ADDED ENTRY--TOPICAL TERM
Topical term or geographic name entry element Warthog.
Source of heading or term fast
Authority record control number or standard number (OCoLC)fst01170898
650 #7 - SUBJECT ADDED ENTRY--TOPICAL TERM
Topical term or geographic name entry element Zoology.
Source of heading or term fast
Authority record control number or standard number (OCoLC)fst01184696
651 #4 - SUBJECT ADDED ENTRY--GEOGRAPHIC NAME
Geographic name Africa.
651 #7 - SUBJECT ADDED ENTRY--GEOGRAPHIC NAME
Geographic name Africa.
Source of heading or term fast
Authority record control number or standard number (OCoLC)fst01239509
655 #7 - INDEX TERM--GENRE/FORM
Genre/form data or focus term Readers (Publications)
Source of term fast
Authority record control number or standard number (OCoLC)fst01919959
655 #7 - INDEX TERM--GENRE/FORM
Genre/form data or focus term Juvenile works.
Source of term fast
Authority record control number or standard number (OCoLC)fst01411637
655 #7 - INDEX TERM--GENRE/FORM
Genre/form data or focus term Readers (Publications)
Source of term lcgft
800 1# - SERIES ADDED ENTRY--PERSONAL NAME
Personal name Hansen, Grace.
Title of a work African animals.
906 ## - LOCAL DATA ELEMENT F, LDF (RLIN)
a 7
b cbc
c copycat
d 2
e ncip
f 20
g y-gencatlg
942 ## - ADDED ENTRY ELEMENTS (KOHA)
Source of classification or shelving scheme
Koha item type Books - Non Ficton
Holdings
Withdrawn status Lost status Source of classification or shelving scheme Damaged status Not for loan Collection code Permanent Location Current Location Shelving location Date acquired Total Checkouts Full call number Barcode Date last seen Date last checked out Price effective from Koha item type
          Non-Fiction KH8 Primary School Library KH8 Primary School Library Non Fiction 2023-02-20 16 599.63 HAN KHPL000003652 2026-03-12 2026-03-03 2023-02-20 Books - Non Ficton

Powered By KH8 IT Dept